000 00316nam a2200145Ia 4500
100 _aTanenbaum /Andrew S.
942 _cBK
654 _aoperating system
245 _aDistributed operating system
260 _bPrentice Hall
_c2003
082 _a5.43
_bTAN
300 _a614
546 _aENGLISH
999 _c21522
_d21522